ბათუმის შოთა რუსთაველის სახელმწიფო უნივერსიტეტის ბიბლიოთეკა

პალეონტოლოგიის მოკლე კურსი ნ.1 უხერხემლოთა პალეოზოოლოგია. (ბიბ.ჩანაწერი № 35886)

000 -LEADER
fixed length control field 00864nam a2200217Ia 4500
001 - CONTROL NUMBER
control field 1779
003 - CONTROL NUMBER IDENTIFIER
control field GE_BSU
008 - FIXED-LENGTH DATA ELEMENTS--GENERAL INFORMATION
fixed length control field 181216s||||||||xx |||||||||||||| ||und||
040 ## - CATALOGING SOURCE
Transcribing agency GE_BSU
080 ## - UNIVERSAL DECIMAL CLASSIFICATION NUMBER
Universal Decimal Classification number 56(075.8)
245 ## - TITLE STATEMENT
Title პალეონტოლოგიის მოკლე კურსი ნ.1 უხერხემლოთა პალეოზოოლოგია.
245 ## - TITLE STATEMENT
Remainder of title სახელმძვანელო.გეოლოგიის ფაკულტეტის სტუდენტებისათვის
260 ## - PUBLICATION, DISTRIBUTION, ETC.
Place of publication, distribution, etc. თბილისი.
260 ## - PUBLICATION, DISTRIBUTION, ETC.
Name of publisher, distributor, etc. განათლება
260 ## - PUBLICATION, DISTRIBUTION, ETC.
Date of publication, distribution, etc. 1985
300 ## - PHYSICAL DESCRIPTION
Extent 315 გვ. 25 სმ.
653 ## - INDEX TERM--UNCONTROLLED
Uncontrolled term პალეონტოლოგია;
653 ## - INDEX TERM--UNCONTROLLED
Uncontrolled term უხერხემლოთა პალეოზოოლოგია;
942 ## - ADDED ENTRY ELEMENTS (KOHA)
Koha item type წიგნი
ეგზემპლარები
Withdrawn status Lost status Damaged status Not for loan Date acquired Barcode Date last seen Price effective from Koha item type Public note
        2018-12-17 3581 2018-12-17 2018-12-17 წიგნი დარბაზი